| 000 | 00475nam a2200169 a 4500 | ||
|---|---|---|---|
| 001 | 1207 | ||
| 005 | 20140414132000.0 | ||
| 008 | 041110s19uu xx 00 eng d | ||
| 050 |
_aTR 813.08 _bW89 1991 |
||
| 245 |
_aWord book / _cillustrations by Rowan Clifford, Sharon File. |
||
| 260 |
_aU.K : _bWorld Books, _c1991. |
||
| 300 | _ap. : ill. ; cm. | ||
| 440 | _aEarly World of Learning Poldy | ||
| 650 | _aPicture book. | ||
| 650 | _aChildren stories. | ||
| 999 |
_c113047 _d113047 |
||